Sports Quiz

Random Sports or MLB Quiz

MLB Most Pitching Wins, no World Series Appearance Quiz Stats

Quiz not verified by Sporcle

Also try: MLB 2000 Hit Club
Challenge
Share
Tweet
Embed
Score 0/20 Timer 05:00
0 Plays Today
Career Wins Player % Correct
284Fergie Jenkins
84.7%
318Phil Niekro
78.5%
314Gaylord Perry
64%
176Dave Stieb
60%
203Roy Halladay
47.3%
200Chuck Finley
44.7%
260Ted Lyons
37.8%
233Frank Tanana
30.9%
224Jim Bunning
24.4%
171Rick Sutcliffe
17.5%
Career Wins Player % Correct
209Milt Pappas
17.1%
223Mel Harder
14.9%
194Larry Jackson
13.8%
216Wilbur Cooper
11.3%
223Hooks Dauss
9.5%
166John Burkett
6.7%
193Wes Ferrell
4.7%
171Danny Darwin
4%
191Dutch Leonard
3.6%
169Bill Doak
0.7%

You're not logged in!

Compare scores with friends on all Sporcle quizzes.
Join for Free
OR
Log In

You Might Also Like...

Show Comments

Extras

Top Quizzes Today


Score Distribution

Your Account Isn't Verified!

In order to create a playlist on Sporcle, you need to verify the email address you used during registration. Go to your Sporcle Settings to finish the process.

Report this User

Report this user for behavior that violates our Community Guidelines.

Details: